| 000 | 00336nam a2200121Ia 4500 | ||
|---|---|---|---|
| 005 | 20260326235440.0 | ||
| 008 | 260326s9999||||xx |||||||||||||| ||und|| | ||
| 100 | _aBruckmann, Hansmartin | ||
| 245 | 0 |
_aNew housing in Great Britain / _cHansmartin Bruckmann |
|
| 260 | _bAlec Tiranti Ltd. | ||
| 650 | _aARQUITECTURA RESIDENCIAL | ||
| 942 | _cBK | ||
| 999 |
_c7373 _d7373 |
||